Využití atomové absorpční spektrometrie v potravinářské a zemědělské praxi /

Salvato in:
Dettagli Bibliografici
Autore principale: Pavelka, Jiří (Autore)
Natura: Libro
Lingua:ceco
Pubblicazione: Praha : STI potravinářského průmyslu, 1990
Tags: Aggiungi Tag
Nessun Tag, puoi essere il primo ad aggiungerne!!

MARC

LEADER 00000nam a22000003a 4500
001 stu17166
005 20150617225758.0
008 ------s1990----cs------------------cze-d
020 |a 80-85120-09-7 
040 |a STU  |b slo 
041 0 |a cze 
044 |a cs 
080 |a 543.422 
100 1 |a Pavelka, Jiří  |4 aut 
245 1 |a Využití atomové absorpční spektrometrie v potravinářské a zemědělské praxi /  |c [aut.]Pavelka,Jiří a kol 
260 |a Praha :  |b STI potravinářského průmyslu,  |c 1990 
300 |a 156 s :  |b Grafy,lit.,register 
996 |b CB1180  |c C*B1180  |l CCX  |s P  |a 0  |w stu17166_0001